Statistieken voor Landen van de wereld - Typ de eerste letter

Klik hier om de quiz te nemen!

Algemene statistieken

  • Deze quiz is 35 keer genomen
  • De gemiddelde score is 100 van 196

Antwoorden op de kaart

Antwoorden kleurgecodeerd door een groen-rode schaal op de quizkaart volgens % correct hieronder.
 

Antwoordstatistieken

land% Correct
Nieuw-Zeeland
75%
Jordanië
70%
Kosovo
70%
Botswana
65%
Burkina Faso
65%
Centraal-Afrikaanse Republiek
65%
Dominicaanse Republiek
65%
Equatoriaal-Guinea
65%
Guyana
65%
Marokko
65%
Pakistan
65%
Rwanda
65%
Syrië
65%
Tsjechië
65%
Uruguay
65%
Vaticaanstad
65%
Bahama's
60%
Bangladesh
60%
Benin
60%
Bulgarije
60%
Dem Rep Congo
60%
Denemarken
60%
Eswatini
60%
Griekenland
60%
Guinee
60%
Ierland
60%
Italië
60%
Kazachstan
60%
Laos
60%
Lesotho
60%
Libië
60%
Maleisië
60%
Monaco
60%
Mozambique
60%
Niger
60%
Noorwegen
60%
Roemenië
60%
Saoedi-Arabië
60%
Senegal
60%
Taiwan
60%
Thailand
60%
Timor-Leste
60%
Togo
60%
Trinidad en Tobago
60%
Tsjaad
60%
Turkije
60%
Zambia
60%
Zwitserland
60%
Afghanistan
55%
Albanië
55%
Antigua en Barbuda
55%
België
55%
Bhutan
55%
Burundi
55%
Cambodja
55%
Colombia
55%
Costa Rica
55%
Cuba
55%
Egypte
55%
Eritrea
55%
Gambia
55%
Georgië
55%
Ghana
55%
Honduras
55%
Hongarije
55%
Iran
55%
Jamaica
55%
Japan
55%
Kirgizië
55%
Litouwen
55%
Luxemburg
55%
Montenegro
55%
Oostenrijk
55%
Peru
55%
Portugal
55%
Rusland
55%
Samoa
55%
San Marino
55%
Servië
55%
Sierra Leone
55%
Somalië
55%
Sri Lanka
55%
Tanzania
55%
Verenigd Koninkrijk
55%
Vietnam
55%
Angola
50%
Armenië
50%
Australië
50%
Barbados
50%
Belize
50%
Bosnië en Herzegovina
50%
Canada
50%
China
50%
Comoren
50%
Congo
50%
Dominica
50%
Ecuador
50%
Ethiopië
50%
Filipijnen
50%
Frankrijk
50%
Grenada
50%
Haïti
50%
IJsland
50%
India
50%
Irak
50%
Israël
50%
Jemen
50%
Kenia
50%
Kiribati
50%
Letland
50%
Liberia
50%
Liechtenstein
50%
Mali
50%
Mauritius
50%
Myanmar
50%
Namibië
50%
Nicaragua
50%
Oekraïne
50%
Oezbekistan
50%
Papoea-Nieuw-Guinea
50%
Polen
50%
Saint Kitts en Nevis
50%
Saint Lucia
50%
Salomonseilanden
50%
Singapore
50%
Slowakije
50%
Soedan
50%
Suriname
50%
Tadzjikistan
50%
Tonga
50%
Tunesië
50%
Turkmenistan
50%
Vanuatu
50%
Verenigde Staten
50%
Zuid-Soedan
50%
Zweden
50%
Andorra
45%
Argentinië
45%
Azerbeidzjan
45%
Belarus
45%
Bolivia
45%
Brazilië
45%
Brunei
45%
Chili
45%
Côte d'Ivoire
45%
Cyprus
45%
Djibouti
45%
Finland
45%
Guatemala
45%
Libanon
45%
Malawi
45%
Mauritanië
45%
Micronesia
45%
Moldavië
45%
Nauru
45%
Nederland
45%
Nepal
45%
Noord-Korea
45%
Oman
45%
Palau
45%
Panama
45%
Paraguay
45%
Qatar
45%
Slovenië
45%
Spanje
45%
Venezuela
45%
Verenigde Arabische Emiraten
45%
Zimbabwe
45%
Zuid-Afrika
45%
Algerije
40%
Guinee-Bissau
40%
Indonesië
40%
Kameroen
40%
Koeweit
40%
Kroatië
40%
Maldiven
40%
Malta
40%
Marshalleilanden
40%
Saint Vincent en de Grenadines
40%
Sao Tomé en Principe
40%
Seychellen
40%
Tuvalu
40%
Bahrein
35%
Duitsland
35%
El Salvador
35%
Estland
35%
Gabon
35%
Madagaskar
35%
Mongolië
35%
Nigeria
35%
Noord-Macedonië
35%
Oeganda
35%
Zuid-Korea
35%
Cabo Verde
30%
Fiji
30%
Mexico
30%

Scoreverdeling

Percentiel versus Aantal Correcte Antwoorden

Procent van Mensen met Elke Score

Uw Scoregeschiedenis

U heeft deze quiz nog niet genomen